000
00282nam a2200121Ia 4500
008
230312s9999||||xx |||||||||||||| ||und||
082
_a
920
_b
STA-C
100
_a
Stallings;William
245
0
_a
Computer Organization & Architecture
300
_a
778
650
_a
Computer
942
_c
BK
999
_c
816
_d
816